000
00240nam a2200097Ia 4500
001
653903
005
20250826154507.0
008
250824s9999 xx 000 0 und d
245
0
_a
ŞAŞI ÇIRAK
_c
MESNEVİ'DEN
260
_b
GENÇ HAYAT YAYINLARI
999
_c
653903
_d
653903